01268naa a22003257a 4500001001000000003000900010005001700019007000300036008003400039040005400073041000900127072001900136090001800155100001900173100002300192245008200215260003700297500013200334650002700466650002000493650002800513650002500541650001700566650001200583773012900595909003600724942001400760999001900774952014900793BR8002553BR-BrBNA20240918174549.0ta230509b bl.||||| |||| 00| 0 por d aBR-BrBNAbporcBiblioteca Nacional de Agricultura a(Pt) aQ10; E70b9990 aQ10 BR80025531 aFigueiredo, F.1 aSilveira, G. de B.1 aProducao e consumo do alimento supergelado no mundo [Preservacao de alimento]3 aSao Paulo, SP (Brasil): c1980.  aO desenvolvimento do alimento congelado no mundo (coletanea de artigos) Sao Paulo, SP (Brasil): 1980. p. 1-5 (BR8002553-AM)Q10  aTecnologia de alimento aComercializacao aPreservacao de alimento aAlimento supergelado aCongelamento aConsumo0 tO desenvolvimento do alimento congelado no mundo (coletanea de artigos)wQ10 BR8002553gSao Paulo, SP (Brasil), 1980. p. 1-5 a202404bLuciac55dLucia Elande cAM2AGRIS c312030d312030 002AGRIS40708Acervo Gerala41918b41918cAgrobasel0o9990 BR8002552r2024-05-20t01yAM10d2024-04-11ePortaria Interministerial nÂș 164/94